000
00258nam a2200109Ia 4500
008
190216s9999||||xx |||||||||||||| ||und||
100
_a
Doerfman R
245
4
_a
The Price System
260
_b
Prentice Hall Of India Pvt Ltd
650
_a
Economics
942
_c
BK
999
_c
9704
_d
9704